Clonning
| Other Authors: | |
|---|---|
| Format: | Book |
| Published: |
New York :
Thomson Gale ,
2006
|
| Series: | Contemporary issues companion
|
| Subjects: |
MARC
| LEADER | 00000cam a2200000 7i4500 | ||
|---|---|---|---|
| 001 | 0000106972 | ||
| 005 | 20070511.0 | ||
| 020 | |a 0737727721 | ||
| 090 | 0 | 0 | |a 174.957 |b CLO |
| 245 | 1 | 0 | |a Clonning |c Sylvia engdahl, book editor |
| 260 | |a New York : |b Thomson Gale , |c 2006 | ||
| 300 | |a 198p. ; |c 22cm. | ||
| 490 | 0 | |a Contemporary issues companion | |
| 650 | 0 | 0 | |a Cloning |
| 650 | 0 | 0 | |a Cloning |x Social aspects |
| 700 | 0 | |a Engdahl, Sylvia Louise | |
| 999 | |a 00202429 |b BUKU |c PINJAMAN |e PERPUSTAKAAN KOMUNITI PETALING JAYA | ||